| 000 | 00533nam a2200193 4500 | ||
|---|---|---|---|
| 001 | 15749 | ||
| 010 | _a9789720014757 | ||
| 021 | _b291703/09 | ||
| 090 | _a15749 | ||
| 100 | _a20110819e20102009am y0pory50030103ba | ||
| 200 | 1 | _aDicionário de inglês-português, português-inglês | |
| 210 |
_aPorto _cPorto Editora, _d2010 |
||
| 215 |
_a1142, [2] p. _cil. _d19 cm _e1 CD-ROM |
||
| 225 | 2 | _aDicionários modernos | |
| 300 | _aPADES | ||
| 675 |
_a(038)=111=134.3 _vBN _zpor |
||
| 675 |
_a(038)=134.3=111 _vBN _zpor |
||
| 801 | 0 |
_aPT _bBN _gRPC |
|
| 990 | _cLIVROS | ||